Sports Quiz

Random Sports or Auto Racing Quiz

Compare F1 Drivers: Podiums Quiz Stats

Quiz not verified by Sporcle

Challenge
Share
Tweet
Embed
Score 0/50 Timer 10:00
0 Plays Today
Pair Driver % Correct
Pérez or Gutiérrez????
93.6%
Maldonado or di Resta????
91.7%
Michael Schumacher or Prost????
89.8%
Trulli or Glock????
89.4%
Klien or Wurz????
88.6%
Nilsson or Regazzoni????
86.7%
Gregory or Amon????
84.5%
Albers or Monteiro????
84.1%
Kovalainen or Salo????
83.3%
Bonetto or Fagioli????
82.6%
McLaren or Clark????
81.4%
Palmer or Warwick????
81.1%
Laffite or Depailler????
80.7%
Serafini or Giraud-Cabantous????
80.3%
Arnoux or de Cesaris????
78.4%
Häkkinen or Räikkönen????
75%
Fisichella or Boutsen????
73.9%
Aguri Suzuki or Blundell????
72.7%
Barrichello or Coulthard????
69.3%
Button or Stewart????
69.3%
Kubica or Heidfeld????
68.6%
Salazar or Giacomelli????
67.8%
de Beaufort or Love????
66.7%
Berger or Lauda????
66.3%
Satoru Nakajima or Modena????
65.5%
Pair Driver % Correct
Ickx or Surtees????
64.8%
Donohue or Merzario????
64.4%
Ayrton Senna (S) or Alonso (A)????
63.3%
Trintignant or Behra????
62.9%
Jacques Villeneuve or Patrese????
62.5%
Pedro Rodríguez (R) or Pace (P)????
62.1%
Capelli or Fabi????
61%
Spence or Hailwood????
59.1%
Nannini or Johansson????
58%
Graham Hill or Emerson Fittipaldi????
55.7%
Brundle or Mass????
55.3%
Pironi or Tambay????
54.9%
Jabouille or Beltoise????
53.4%
Castellotti or Ireland????
52.7%
Parkes or Maggs????
51.9%
Musso or Taruffi????
50.8%
Panis or Siffert????
49.2%
Reutemann or Fangio????
48.9%
Collins or Ginther????
47.7%
Peterson or Mario Andretti????
43.6%
Keke Rosberg or Watson????
39%
Maglioli or Parnell????
36.4%
Nelson Piquet Sr or Mansell????
34.5%
Herbert or Cheever????
29.5%
Hulme or Jack Brabham????
12.1%

You're not logged in!

Compare scores with friends on all Sporcle quizzes.
Join for Free
OR
Log In

You Might Also Like...

Show Comments

Extras

Top Quizzes Today


Score Distribution

Your Account Isn't Verified!

In order to create a playlist on Sporcle, you need to verify the email address you used during registration. Go to your Sporcle Settings to finish the process.

Report this User

Report this user for behavior that violates our Community Guidelines.

Details: